Open all hours [
| Main Author: | |
|---|---|
| Format: | Book |
| Published: |
s.l :
BBC Entertaiment ,
19-
|
| Subjects: |
MARC
| LEADER | 00000cam a2200000 7i4500 | ||
|---|---|---|---|
| 001 | 0000001966 | ||
| 002 | 000002136 | ||
| 005 | 20030623.0 | ||
| 020 | |a 000002136 | ||
| 090 | 0 | 0 | |a F |b OPE |
| 100 | 1 | |a Clarke, Roy | |
| 245 | 1 | 0 | |a Open all hours [ |h video recording] |c Roy Clarke |
| 260 | |a s.l : |b BBC Entertaiment , |c 19- | ||
| 300 | |a 1 Video recording VHS (1 hours: 30 minutes) : |b col.(PAL) | ||
| 500 | |a Library has 2 copies | ||
| 650 | 0 | 0 | |a Comedy |
| 999 | |a 00058 |b VIDEO |c KOLEKSI AUDIO VIDEO |e PERPUSTAKAAN KOMUNITI PETALING JAYA | ||